Gulistan-i Saadi/ (Record no. 330432)

000 -LEADER
fixed length control field nam a22 7a 4500
003 - CONTROL NUMBER IDENTIFIER
control field NUST
005 - DATE AND TIME OF LATEST TRANSACTION
control field 20170712105419.0
008 - FIXED-LENGTH DATA ELEMENTS--GENERAL INFORMATION
fixed length control field 170712b xxu||||| |||| 00| 0 eng d
020 ## - INTERNATIONAL STANDARD BOOK NUMBER
International Standard Book Number 9789693519747
040 ## - CATALOGING SOURCE
Transcribing agency NUST
082 ## - DEWEY DECIMAL CLASSIFICATION NUMBER
Classification number 891.51
Author Mark SAD
100 ## - MAIN ENTRY--PERSONAL NAME
Personal name Saadi, Shaikh
9 (RLIN) 3242
245 ## - TITLE STATEMENT
Title Gulistan-i Saadi/
Statement of responsibility, etc. by Shaik Saadi tr. by Dr. Khawaja Hameed Yazdani
260 ## - PUBLICATION, DISTRIBUTION, ETC.
Place of publication, distribution, etc. Lahore:
Name of publisher, distributor, etc. Sang-e- Meel Publications,
Date of publication, distribution, etc. 2011
300 ## - PHYSICAL DESCRIPTION
Extent 284 p.
500 ## - GENERAL NOTE
General note Poetry
546 ## - LANGUAGE NOTE
Language note In Urdu
650 ## - SUBJECT ADDED ENTRY--TOPICAL TERM
Topical term or geographic name entry element Classical Persian Literature- Poetry
9 (RLIN) 3243
880 ## - ALTERNATE GRAPHIC REPRESENTATION
Linkage 100-01\(3\r
Title شیخ سعدی
880 ## - ALTERNATE GRAPHIC REPRESENTATION
Linkage 245-02\(3\r
Title گلستان سعدی
c شیخ سعدی ، مترجم ڈاکٹر خواجہ حمید یزدانی
880 ## - ALTERNATE GRAPHIC REPRESENTATION
Linkage 260-03\(3\r
Title لاہور:
b سنگ میل پبلی کیشنز،
c 2011
942 ## - ADDED ENTRY ELEMENTS (KOHA)
Source of classification or shelving scheme
Koha item type Book
Holdings
Withdrawn status Lost status Source of classification or shelving scheme Damaged status Not for loan Collection code Permanent Location Current Location Shelving location Date acquired Total Checkouts Total Renewals Full call number Barcode Date last seen Date last checked out Copy number Price effective from Koha item type
            Central Library (CL) Central Library (CL) Fiction 07/12/2017 12 7 891.51 SAD CL2896 09/14/2025 03/10/2025 1 07/12/2017 Book
© 2023 Central Library, National University of Sciences and Technology. All Rights Reserved.